<?xml version="1.0" encoding="UTF-8"?>
<record
    xmlns:xsi="http://www.w3.org/2001/XMLSchema-instance"
    xsi:schemaLocation="http://www.loc.gov/MARC21/slim http://www.loc.gov/standards/marcxml/schema/MARC21slim.xsd"
    xmlns="http://www.loc.gov/MARC21/slim">

  <leader>02152nam a2200373 i 4500</leader>
  <controlfield tag="001">000044108</controlfield>
  <controlfield tag="003">DO-SdBNP</controlfield>
  <controlfield tag="005">20250314113209.0</controlfield>
  <controlfield tag="006">a||||gr|||| 00| 0 </controlfield>
  <controlfield tag="007">ta</controlfield>
  <controlfield tag="008">140516t1987    sp aoc        001 0 spa d</controlfield>
  <datafield tag="020" ind1=" " ind2=" ">
    <subfield code="a">8423969495</subfield>
  </datafield>
  <datafield tag="040" ind1=" " ind2=" ">
    <subfield code="a">DO-SdBNP</subfield>
    <subfield code="b">spa</subfield>
    <subfield code="c">BNPHU</subfield>
    <subfield code="e">rda</subfield>
  </datafield>
  <datafield tag="041" ind1=" " ind2=" ">
    <subfield code="a">spa</subfield>
  </datafield>
  <datafield tag="082" ind1=" " ind2="4">
    <subfield code="a">333.703</subfield>
    <subfield code="b">D545n</subfield>
    <subfield code="2">22</subfield>
  </datafield>
  <datafield tag="245" ind1="0" ind2="0">
    <subfield code="a">Diccionario de la naturaleza :</subfield>
    <subfield code="b">hombre, ecolog&#xED;a, paisaje /</subfield>
    <subfield code="c">Estructura y coordinador, &#xC1;ngel Ramos; Miguel Aguil&#xF3; Alonso, Miguel Aguil&#xF3; Alonso, Luis Andr&#xE9;s Oriver, Mar&#xED;a Paz Aramburu Maqua, Victor Manuel Castillo S&#xE1;nchez, Adolfo Cazorla Montero, Antonio D&#xED;a Segovia... [y otros].</subfield>
  </datafield>
  <datafield tag="264" ind1=" " ind2="4">
    <subfield code="a">Madrid :</subfield>
    <subfield code="b">Espasa Calpe,</subfield>
    <subfield code="c">&#xA9;1987</subfield>
  </datafield>
  <datafield tag="300" ind1=" " ind2=" ">
    <subfield code="a">xvi, 1016 p&#xE1;ginas :</subfield>
    <subfield code="b">ilustraciones, fotograf&#xED;as, mapas, gr&#xE1;ficas, retratos ;</subfield>
    <subfield code="c">26 cm.</subfield>
  </datafield>
  <datafield tag="336" ind1=" " ind2=" ">
    <subfield code="2">rdacontent</subfield>
    <subfield code="a">texto</subfield>
    <subfield code="b">txt</subfield>
  </datafield>
  <datafield tag="337" ind1=" " ind2=" ">
    <subfield code="2">rdamedia</subfield>
    <subfield code="a">sin mediaci&#xF3;n</subfield>
    <subfield code="b">n</subfield>
  </datafield>
  <datafield tag="338" ind1=" " ind2=" ">
    <subfield code="2">rdacarrier</subfield>
    <subfield code="a">volumen</subfield>
    <subfield code="b">nc</subfield>
  </datafield>
  <datafield tag="505" ind1=" " ind2=" ">
    <subfield code="a">Medio biof&#xED;sico. Naturaleza. Ecosfera.</subfield>
    <subfield code="t">Acciones humanas en relaci&#xF3;n con la naturaleza. Noosfera. Antroposfera.</subfield>
    <subfield code="t">1. Atm&#xF3;sfera.-- 2. Hidr&#xF3;sfera.-- 3. Geosfera.-- 4. Biosfera.-- 5. Procesos.-- 6. Recursos naturales: Fuentes de energ&#xED;a.-- 7. Actividades humanas, uso del suelo.-- 8. Efecto de las acciones humanas.-- 9. Problemas relevantes.-- 10. El enfoque sist&#xE9;mico.-- 11. La percepci&#xF3;n de la naturaleza. Los movimientos ecologistas. 12. Protecci&#xF3;n de la naturaleza Figuras, programas. entidades.-- 12. Protecci&#xF3;n de la naturaleza. Figuras.-- 13. Medidas correctoras.-- 14. Modelos y t&#xE9;cnicas del enfoque sistem&#xE1;tico.</subfield>
  </datafield>
  <datafield tag="590" ind1=" " ind2=" ">
    <subfield code="a">Inventariado 2024 / MF</subfield>
  </datafield>
  <datafield tag="650" ind1=" " ind2="0">
    <subfield code="a">Conservaci&#xF3;n de los recursos naturales</subfield>
    <subfield code="v">Diccionarios</subfield>
    <subfield code="9">1562</subfield>
  </datafield>
  <datafield tag="700" ind1="1" ind2=" ">
    <subfield code="a">Ramos, &#xC1;ngel,</subfield>
    <subfield code="9">72105</subfield>
    <subfield code="e">coordinador</subfield>
  </datafield>
  <datafield tag="700" ind1="1" ind2=" ">
    <subfield code="a">Aguil&#xF3; Alonso, Miguel,</subfield>
    <subfield code="e">autor</subfield>
    <subfield code="9">86185</subfield>
  </datafield>
  <datafield tag="700" ind1="1" ind2=" ">
    <subfield code="a">Oriver, Luis Andr&#xE9;s,</subfield>
    <subfield code="e">autor</subfield>
    <subfield code="9">86192</subfield>
  </datafield>
  <datafield tag="700" ind1="1" ind2=" ">
    <subfield code="a">Aramburu Maqua, Mar&#xED;a Paz,</subfield>
    <subfield code="e">autor</subfield>
    <subfield code="9">86193</subfield>
  </datafield>
  <datafield tag="700" ind1="1" ind2=" ">
    <subfield code="a">Castillo S&#xE1;nchez, V&#xED;ctor Manuel,</subfield>
    <subfield code="e">autor</subfield>
    <subfield code="9">86194</subfield>
  </datafield>
  <datafield tag="700" ind1="1" ind2=" ">
    <subfield code="a">Cazorla Montero, Adolfo,</subfield>
    <subfield code="e">autor</subfield>
    <subfield code="9">86195</subfield>
  </datafield>
  <datafield tag="700" ind1="1" ind2=" ">
    <subfield code="a">D&#xED;a Segovia, Antonio,</subfield>
    <subfield code="e">autor</subfield>
    <subfield code="9">86196</subfield>
  </datafield>
  <datafield tag="910" ind1=" " ind2=" ">
    <subfield code="a">Validado. Control de Calidad/MAA</subfield>
  </datafield>
  <datafield tag="942" ind1=" " ind2=" ">
    <subfield code="2">ddc</subfield>
    <subfield code="c">LBS1</subfield>
  </datafield>
  <datafield tag="952" ind1=" " ind2=" ">
    <subfield code="0">0</subfield>
    <subfield code="1">0</subfield>
    <subfield code="2">ddc</subfield>
    <subfield code="5">6</subfield>
    <subfield code="7">0</subfield>
    <subfield code="8">GR-R</subfield>
    <subfield code="a">BNPHU</subfield>
    <subfield code="b">BNPHU</subfield>
    <subfield code="c">HD</subfield>
    <subfield code="d">2014-05-16</subfield>
    <subfield code="e">Donaci&#xF3;n </subfield>
    <subfield code="l">0</subfield>
    <subfield code="o">BNPHU R-GR 333.703 D545n</subfield>
    <subfield code="p">44108-10</subfield>
    <subfield code="r">2020-06-25</subfield>
    <subfield code="w">2020-06-25</subfield>
    <subfield code="y">LBS1</subfield>
    <subfield code="Z">No se presta</subfield>
  </datafield>
  <datafield tag="999" ind1=" " ind2=" ">
    <subfield code="c">43597</subfield>
    <subfield code="d">43597</subfield>
  </datafield>
</record>
